000 00638nam a2200241Ia 4500
003 OSt
005 20220926005755.0
006 a|||||r|||| 00| 0
007 ta
008 220923b |||||||| |||| 00| 0 eng d
020 _a0070473412
037 _cGeneral Book
040 _aRTL
_cRTL
_beng
041 _2eng
_aeng
082 _aX:57, N8;P2
100 _aAPTE P G
245 0 _aInternational financial management
250 _a3rd
260 _a New Delhi
_bTata McGraw-Hill Publishing Company
_c2002
300 _axvi,636p
_ccm.
942 _hX:57, N8;P2
_cGB
_2CC
999 _c615195
_d615195